| 000 | 00761nam a2200241 u 4500 | ||
|---|---|---|---|
| 005 | 20240228063621.0 | ||
| 008 | 170119s2010 r 000 0 eng d | ||
| 020 | _a9788426376787 | ||
| 035 | _aUPN01000215381 | ||
| 049 | _aI | ||
| 050 | 4 |
_aPZ25 _bT5.2 |
|
| 100 | 1 |
_aLenain, Thierry, _d1959- _933530 |
|
| 245 | 1 | 4 |
_aLos besos de luna / _cThierry Lenain ; il. Delphine Durand ; tr. Pilar Careaga. |
| 260 |
_aZaragoza, Esp. : _bEdelvives, _c2010. |
||
| 300 |
_a28 p. : _bil. col. |
||
| 440 | 0 |
_aAla delta. _pRoja ; _v61 |
|
| 534 |
_pTÃtulo original: _tLes baisers de mademoiselle zazie |
||
| 650 | 4 |
_aLiteratura infantil francesa _913687 |
|
| 650 | 4 |
_aAMOR - _vLITERATURA INFANTIL _911101 |
|
| 905 | _aInfantil | ||
| 999 |
_c187481 _d187481 |
||